| 000 | 00799cab a22001935a 4500 | ||
|---|---|---|---|
| 001 | L145036 | ||
| 008 | 080902e20080830xxka f g 000 0 eng d | ||
| 035 | _a(Sirsi) u145036 | ||
| 041 | 0 | _aeng | |
| 100 | 1 | _aChapper, Jonathan | |
| 245 | 0 | 2 | _aA stick and carrot policy |
| 260 | _c2008 | ||
| 490 |
_aEstates Gazette _v(0834)30 August 2008, 88-90(2) |
||
| 520 | _aArticle looks at the way in which taxes are increasingly being used as a way to either reward environmentally sound development or punish wasteful practices. Looks at stamp duty land tax; landfill tax; land remediation tax relief and enhanced capital allowances. | ||
| 650 | 2 | 4 | _aPROPERTY AND LAND LAW |
| 651 | 4 |
_aUnited Kingdom _y |
|
| 690 | _aENVIRONMENTAL AND LAND CONSULTANCY-SUSTAINABILITY-SUSTAINABLE DEVELOPMENT | ||
| 942 | _n0 | ||
| 999 |
_c80684 _d80684 |
||